Druká kniha Urbanových spomienok

Bibliographic Details
Main Author: Petrík, Vladimír, 1929-2017 (Author)
Format: Article
Language:Slovak
ISBN:80-7090-322-8
Subjects:

MARC

LEADER 00000cab a2200000 a 4500
001 vtls008412476
003 SK-MaSNL
005 20260305015413.0
008 250505c1995 xo ||||||| |100 ||slo|
015 |a SNBRB2005/11 
035 |a urn:nbn:sk:snk-ab81xr 
035 |a (urnnbn)urn:nbn:sk:snk:ar-006308 
035 |a (uuid)a50f36fe-9468-43a7-9a40-2bf41d342c10 
038 |a SNKBUCL 
040 |a SNKBUCL  |b slo  |c SNKBUCL  |e AACR2 
041 0 |a slo 
044 |a xo  |c SK 
080 |a 821.162.4-3  |2 1981 
080 |a 929 Urban, Milo  |2 1981 
080 |a 929:821.162.4  |2 1981 
080 |a 82:929:821.162.4  |2 1981 
100 1 |a Petrík, Vladimír,  |d 1929-2017  |4 aut  |9 171168 
245 1 0 |a Druká kniha Urbanových spomienok  |c Vladimír Petrík 
600 1 7 |a Urban, Milo,  |d 1904-1982  |t Kade-tade po Halinde  |2 snkbucl  |9 1474684 
650 0 7 |a slovenská próza  |2 snkbucl  |9 1206 
650 0 7 |a spomienky  |2 snkbucl  |9 55795 
655 7 |a články z odboru literárna veda a krásna literatúra  |2 SNKPH  |9 770045 
773 0 |t Biografické štúdie 22  |d Martin : Matica slovenská, 1995  |g S. 107-111  |z 80-7090-322-8 
850 |a Slovenská národná knižnica 
852 |a Slovenská národná knižnica 
954 |a odborná, vedecká literatúra cudzojazyčná (svetová)  |2 lita 
958 |a article9 
958 |a OND 
958 |a BX 
958 |a LX 
958 |a EUIPO 
958 |a PETRIKAzc/1995 
999 |c 3274713  |d 3276643